[Event "Dreszer Memorial"]
[Site "Gdynia"]
[Date "1988.??.??"]
[Round "3"]
[White "Jigjidsuren, Purev"]
[Black "Petkevich, Jusefs"]
[Result "1/2-1/2"]
[WhiteElo "2395"]
[BlackElo "2465"]
[PlyCount "86"]
[EventDate "1988.??.??"]
[EventType "tourn"]
[EventRounds "13"]
[EventCountry "POL"]
[EventCategory "5"]
[SourceTitle "EXT 1997"]
[Source "ChessBase"]
[SourceDate "1996.11.15"]
[SourceVersion "1"]
[SourceVersionDate "1996.11.15"]
[SourceQuality "1"]

1. e4 d6 2. d4 Nf6 3. Nc3 g6 4. f4 Bg7 5. Nf3 c5 6. Bb5+ Bd7 7. e5 Ng4 8. e6 Bxb5 9. exf7+ Kd7 10. Nxb5 Qa5+ 11. Nc3 cxd4 12. Nxd4 h5 13. h3 Nc6 14. Nde2 Nh6 15. Be3 Nf5 16. Bf2 h4 17. 0-0 Raf8 18. Ne4 Kc8 19. c3 Qb5 20. b4 Qc4 21. Ng5 Bf6 22. Nf3 Rxf7 23. Rb1 a6 24. a4 b5 25. Re1 Kd7 26. Rc1 Rc8 27. axb5 axb5 28. Qd2 Ra8 29. Ra1 Rff8 30. Ned4 Ncxd4 31. cxd4 Rxa1 32. Rxa1 Rc8 33. Ne5+ Bxe5 34. fxe5 Qc3 35. Qd1 dxe5 36. dxe5+ Ke6 37. Ra6+ Rc6 38. Ra1 Qxe5 39. Qb3+ Kf6 40. Re1 Qd6 41. Qg8 Qxb4 42. Qh8+ Kf7 43. Qh7+ Kf6 1/2-1/2

[Event "Dreszer Memorial"]
[Site "Gdynia"]
[Date "1988.??.??"]
[Round "9"]
[White "Jigjidsuren, Purev"]
[Black "Stratil, Ladislav Jr"]
[Result "1-0"]
[WhiteElo "2395"]
[BlackElo "2430"]
[PlyCount "97"]
[EventDate "1988.??.??"]
[EventType "tourn"]
[EventRounds "13"]
[EventCountry "POL"]
[EventCategory "5"]
[SourceTitle "EXT 1997"]
[Source "ChessBase"]
[SourceDate "1996.11.15"]
[SourceVersion "1"]
[SourceVersionDate "1996.11.15"]
[SourceQuality "1"]

1. e4 c5 2. Nf3 d6 3. d4 cxd4 4. Nxd4 Nf6 5. Nc3 a6 6. Be2 e5 7. Nb3 Be7 8. 0-0 0-0 9. a4 Be6 10. f4 exf4 11. Bxf4 Nc6 12. Kh1 Rc8 13. Nd4 Nxd4 14. Qxd4 d5 15. e5 Bc5 16. Qd3 Ne8 17. Bf3 Nc7 18. Rad1 Qe8 19. b3 Rd8 20. Ne2 Rd7 21. c3 Qd8 22. Ng3 Be7 23. Nf5 Bxf5 24. Qxf5 Ne6 25. Bg3 g6 26. Qd3 Nc5 27. Qc2 d4 28. cxd4 Rxd4 29. Bf2 Rxd1 30. Rxd1 Qa5 31. Rc1 Ne6 32. Bxb7 Qxe5 33. Bxa6 Re8 34. Bc4 Nd4 35. Qc3 Bf6 36. Rf1 Kg7 37. Qg3 Qe7 38. a5 Nf5 39. Qf3 Nd6 40. Bc5 Qe5 41. Bb6 Rc8 42. a6 Bd8 43. Bg1 f5 44. a7 Ne4 45. Qd3 Kh6 46. Qd5 Qe7 47. a8Q Rxa8 48. Qxa8 Qh4 49. Be3+ 1-0

[Event "Dreszer Memorial"]
[Site "Gdynia"]
[Date "1988.??.??"]
[Round "5"]
[White "Jigjidsuren, Purev"]
[Black "Tomaszewski, Roman"]
[Result "1/2-1/2"]
[WhiteElo "2395"]
[BlackElo "2370"]
[PlyCount "83"]
[EventDate "1988.??.??"]
[EventType "tourn"]
[EventRounds "13"]
[EventCountry "POL"]
[EventCategory "5"]
[SourceTitle "EXT 1997"]
[Source "ChessBase"]
[SourceDate "1996.11.15"]
[SourceVersion "1"]
[SourceVersionDate "1996.11.15"]
[SourceQuality "1"]

1. e4 e5 2. Nf3 Nf6 3. Bc4 Nxe4 4. Qe2 d5 5. Nxe5 Bc5 6. d3 Bxf2+ 7. Kf1 Qe7 8. Bxd5 Qxe5 9. Qxe4 Qxe4 10. Bxe4 Bb6 11. Nc3 c6 12. Bf4 0-0 13. Na4 Bd4 14. c3 Bf6 15. Re1 Nd7 16. Bd6 Rd8 17. Bc7 Rf8 18. d4 Nb6 19. Nxb6 axb6 20. Bxb6 Rxa2 21. Bc5 Rd8 22. Ba3 g6 23. Ke2 Be6 24. Kd3 Bg7 25. Kc2 Bf8 26. Bxf8 Kxf8 27. Ra1 Rda8 28. Rxa2 Rxa2 29. Re1 Ra5 30. Kd3 Ke7 31. b4 Ra7 32. d5 cxd5 33. Bxd5 Kd7 34. Kd4 Kd6 35. Bxe6 fxe6 36. Re2 b6 37. Kc4 Rc7+ 38. Kb5 Rxc3 39. Kxb6 e5 40. Rd2+ Ke6 41. Ka5 Rb3 42. b5 1/2-1/2

[Event "Dreszer Memorial"]
[Site "Gdynia"]
[Date "1988.??.??"]
[Round "6"]
[White "Maciejewski, Miroslaw"]
[Black "Jigjidsuren, Purev"]
[Result "1-0"]
[WhiteElo "2340"]
[BlackElo "2395"]
[PlyCount "41"]
[EventDate "1988.??.??"]
[EventType "tourn"]
[EventRounds "13"]
[EventCountry "POL"]
[EventCategory "5"]
[SourceTitle "EXT 1997"]
[Source "ChessBase"]
[SourceDate "1996.11.15"]
[SourceVersion "1"]
[SourceVersionDate "1996.11.15"]
[SourceQuality "1"]

1. e4 e5 2. Nf3 Nc6 3. Bc4 Nf6 4. d3 Be7 5. 0-0 0-0 6. c3 d6 7. Bb3 h6 8. Nbd2 Nh7 9. Nc4 Bf6 10. h3 Ng5 11. Nxg5 Bxg5 12. f4 exf4 13. d4 b5 14. Na3 Na5 15. Bc2 f5 16. Bxf4 fxe4 17. Bxg5 Rxf1+ 18. Qxf1 hxg5 19. Bxe4 d5 20. Bc2 c6 21. Qd3 1-0

[Event "Dreszer Memorial"]
[Site "Gdynia"]
[Date "1987.??.??"]
[Round "4"]
[White "Jigjidsuren, Purev"]
[Black "Gdanski, Jacek"]
[Result "0-1"]
[WhiteElo "2365"]
[BlackElo "2300"]
[PlyCount "288"]
[EventDate "1987.??.??"]
[EventType "tourn"]
[EventRounds "11"]
[EventCountry "POL"]
[EventCategory "4"]
[SourceTitle "EXT 1997"]
[Source "ChessBase"]
[SourceDate "1996.11.15"]
[SourceVersion "1"]
[SourceVersionDate "1996.11.15"]
[SourceQuality "1"]

1. e4 e6 2. d4 d5 3. Nd2 Nf6 4. e5 Nfd7 5. c3 c5 6. Bd3 Nc6 7. Ne2 cxd4 8. cxd4 f6 9. exf6 Nxf6 10. Nf3 Qc7 11. 0-0 Bd6 12. Nc3 a6 13. Bg5 0-0 14. a3 Bd7 15. Re1 Rae8 16. Bc2 Re7 17. Qd3 Be8 18. h3 Bh5 19. Bd1 Qb6 20. Nh4 Bxd1 21. Rexd1 Ref7 22. Nf3 Bb8 23. Na4 Qc7 24. Nc5 Qd6 25. Qe2 h6 26. Bxf6 Rxf6 27. Kf1 Nxd4 28. Nxb7 Nxe2 29. Nxd6 Nf4 30. Nb7 Nxg2 31. Kxg2 Rxf3 32. Rd2 Ba7 33. Rf1 Rb3 34. Na5 Rbf3 35. Nc6 R3f7 36. Re2 Bb6 37. Ne5 Rf5 38. Ng4 h5 39. Rxe6 Bd4 40. Rd1 Bxb2 41. Re2 Bxa3 42. Ne3 Rg5+ 43. Kf1 Bc5 44. Nxd5 Rgf5 45. Rdd2 R8f7 46. Ne3 Re5 47. Nc4 Rxe2 48. Rxe2 Rf4 49. Ne5 a5 50. Ra2 Bb6 51. Nc6 Rf8 52. Rb2 Bc7 53. Rb7 Bg3 54. Kg2 Bh4 55. Nxa5 Rxf2+ 56. Kg1 Rf3 57. Rb3 Rf5 58. Nc4 Bf6 59. Kg2 Rc5 60. Nd6 Rc2+ 61. Kf1 Kh7 62. Ne4 Bh4 63. Rd3 Ra2 64. Ng3 g6 65. Ne4 Kh6 66. Rb3 Ra4 67. Re3 Be7 68. Re2 Bd8 69. Kg2 Bc7 70. Nc3 Rc4 71. Ne4 Rb4 72. Nd2 Bb8 73. Nf3 Kg7 74. Rf2 Bf4 75. Rc2 Ra4 76. Rb2 Ra3 77. Kf2 Be3+ 78. Kg2 Kf6 79. Kg3 g5 80. Kg2 Rc3 81. Ne5 Kf5 82. Re2 Rb3 83. Nf3 Rb1 84. Kg3 Rb4 85. Ra2 Bf4+ 86. Kf2 Ke4 87. Re2+ Kf5 88. Ra2 g4 89. hxg4+ hxg4 90. Nh4+ Kg5 91. Nf3+ gxf3 92. Kxf3 Kf5 93. Ra3 Be5 94. Rd3 Rh4 95. Ke3 Re4+ 96. Kf3 Rf4+ 97. Ke3 Rh4 98. Kf3 Rf4+ 99. Ke3 Rg4 100. Kf3 Bd4 101. Rd2 Rf4+ 102. Kg3 Be3 103. Ra2 Rc4 104. Kf3 Rc3 105. Ra8 Bf4+ 106. Kf2 Rb3 107. Rc8 Bg3+ 108. Kg2 Be5 109. Rc4 Rd3 110. Ra4 Bd4 111. Ra8 Ke4 112. Re8+ Be5 113. Rf8 Rg3+ 114. Kf2 Rh3 115. Rg8 Ra3 116. Re8 Ra2+ 117. Kg1 Kf4 118. Kh1 Kg3 119. Rg8+ Kh3 120. Rg2 Ra3 121. Rh2+ Kg4 122. Re2 Bf4 123. Kg2 Rg3+ 124. Kf2 Rh3 125. Kg2 Be3 126. Re1 Rg3+ 127. Kh2 Kh4 128. Re2 Bf4 129. Kh1 Rg8 130. Rc2 Kh3 131. Rh2+ Kg4 132. Re2 Kf3 133. Rf2+ Ke3 134. Re2+ Kd3 135. Rf2 Bg3 136. Ra2 Ke3 137. Ra3+ Kf2 138. Ra2+ Kf1 139. Ra1+ Be1 140. Ra2 Rf8 141. Rg2 Rf7 142. Rg1+ Kf2 143. Rg2+ Kf3 144. Kg1 Rd7 0-1

[Event "Dreszer Memorial"]
[Site "Gdynia"]
[Date "1987.??.??"]
[Round "5"]
[White "Yudasin, Leonid"]
[Black "Jigjidsuren, Purev"]
[Result "1-0"]
[WhiteElo "2505"]
[BlackElo "2365"]
[PlyCount "101"]
[EventDate "1987.??.??"]
[EventType "tourn"]
[EventRounds "11"]
[EventCountry "POL"]
[EventCategory "4"]
[SourceTitle "EXT 1997"]
[Source "ChessBase"]
[SourceDate "1996.11.15"]
[SourceVersion "1"]
[SourceVersionDate "1996.11.15"]
[SourceQuality "1"]

1. e4 e5 2. Nf3 Nc6 3. Bc4 Nf6 4. d3 Be7 5. 0-0 0-0 6. c3 d6 7. Bb3 Bg4 8. Nbd2 Qd7 9. h3 Bh5 10. Nc4 Nd8 11. Ne3 Re8 12. Nf5 Ne6 13. Re1 Bf8 14. Ng3 Bg6 15. d4 exd4 16. cxd4 c5 17. d5 Nc7 18. Bc2 h6 19. Nh4 Bh7 20. Nhf5 b5 21. b3 Qd8 22. Bb2 g6 23. Ne3 Bg7 24. Rb1 Qe7 25. e5 Nd7 26. exd6 Qxd6 27. Bxg7 Kxg7 28. Qg4 Kh8 29. Ne4 Rxe4 30. Qxe4 Re8 31. Qd3 f5 32. a4 a6 33. axb5 axb5 34. Ra1 Bg8 35. Qc3+ Qf6 36. Qxf6+ Nxf6 37. d6 Ne6 38. Bd3 Rb8 39. Ra5 Nd4 40. Nc2 Nxb3 41. Rxb5 Rd8 42. Rb6 c4 43. Bf1 Nd2 44. d7 Kg7 45. Rxf6 Kxf6 46. Re8 Rxd7 47. Rxg8 Nxf1 48. Kxf1 Rd2 49. Ne3 c3 50. Rc8 f4 51. Ng4+ 1-0